Lyrics - Dead Girl Walking (Heathers : the Musical) - Statistics

General Stats
  • This quiz has been taken 1,275 times
  • The average score is 303 of 357
Answer Stats
Hint Answer % Correct
I
99%
[Veronica] The
98%
the
98%
a
97%
be
96%
to
96%
an
95%
dead
95%
girl
95%
walkin'
95%
you
95%
You
95%
in
94%
In
94%
me
94%
me!
94%
of
94%
school
94%
and
93%
And
93%
high
93%
I'm
93%
it:
93%
it
93%
my
93%
on
93%
on!
93%
Queen
93%
that
93%
[J.D.] That
93%
will
93%
Get
92%
has
92%
say
92%
your
92%
But
91%
but
91%
deleted
91%
Monday
91%
don't
90%
here
90%
hours
90%
How
90%
like
90%
[J.D.] Ow!
90%
ride
90%
this
90%
8 a.m,
89%
says
89%
She
89%
spend
89%
Spend
89%
break
88%
demon
88%
freakay !
88%
go
88%
go,
88%
motorbike
88%
no
88%
[J.D.] | [Veronica] No
88%
Thirty
88%
thirty
88%
down
87%
gettin'
87%
mount
87%
option
87%
So
87%
could
86%
hall
86%
here's
86%
own
86%
Seattle
86%
them?
86%
them
86%
there
86%
they
86%
Wait
86%
Wait,
86%
wait!
86%
What
86%
Yeah !
86%
[Both] | [Veronica] Yeah!
86%
Yeah,
86%
yeah!
86%
are
85%
die
85%
have
85%
live
85%
room?
85%
[J.D.] Veronica?
85%
walking
85%
walking!
85%
wall
85%
doing
84%
Got
84%
Heather
84%
study
84%
these
84%
up
84%
yard
84%
decided
83%
for
83%
hunt
83%
lock
83%
You're
83%
you're
83%
change
82%
last
82%
make
82%
Make
82%
must
82%
name
82%
till
82%
Touch
82%
window
82%
cattle
81%
death
81%
had
81%
know
81%
know,
81%
Let's
81%
need
81%
beautiful
80%
beautiful!
80%
'Cause
80%
'cause
80%
hard
80%
meal
80%
row
80%
stay
80%
They'll
80%
time
80%
wake
80%
all
79%
decreed
79%
Kiss
79%
See,
79%
Sorry,
79%
Tonight
79%
tonight
79%
bed
78%
fours
78%
It's
78%
it's
78%
[Both] | [Veronica] Love
78%
[J.D.] | [J.D] Okay,
78%
okay
78%
shall
78%
Stuff
78%
hair!
77%
lose
77%
more
77%
off
77%
inside
76%
Mountain
76%
Pull
76%
really
76%
talkin'
76%
works
76%
ass
75%
Better
75%
Dew
75%
hot
75%
mouth
75%
pill
75%
Shut
75%
snappin'
75%
agree
74%
can't
74%
out
74%
pissed
74%
whole
74%
Come
73%
disappear
73%
numb
73%
sleep
73%
town
73%
world's
73%
Before
72%
chug
72%
clock
72%
gear
72%
Keep
72%
punch
72%
tighty
72%
unfair
72%
drill
71%
locked
71%
yours
71%
address?
70%
find
70%
knock
70%
mattress!
70%
[Veronica] Slap
70%
[Veronica] Shh
69%
think
69%
Bow
68%
[J.D.] How'd
68%
whities!
67%
tore
66%
gots
62%
Take
62%
Rock
60%
Full
56%
ahead!
55%
oh
55%
steam
54%
Hey,
39%
hey!
39%
[J.D.] Woah,
36%
woah!
36%
Whoop
22%
No matching quizzes found
Score Distribution
Percent of People with Each Score
Percentile by Number Answered
Your Score History
You have not taken this quiz